Understanding UML : the developer's guide : with a web-based application in Java
Αποθηκεύτηκε σε:
| Κύριος συγγραφέας: | |
|---|---|
| Άλλοι συγγραφείς: | |
| Μορφή: | Βιβλίο |
| Γλώσσα: | English |
| Δημοσίευση: |
San Francisco, Calif. :
Morgan Kaufmann,
c1998
|
| Θέματα: | |
| Ετικέτες: |
Προσθήκη ετικέτας
Δεν υπάρχουν, Καταχωρήστε ετικέτα πρώτοι!
|
MARC
| LEADER | 00000nam a2200000 i 4500 | ||
|---|---|---|---|
| 001 | 1/94787 | ||
| 008 | 991216s1998 eng d | ||
| 020 | |a 1558604650 | ||
| 035 | |l 10054987 | ||
| 040 | |a GR-MY-UA |b gre |e aacr | ||
| 041 | 0 | |a eng | |
| 082 | 0 | |a 005.276 | |
| 100 | 1 | |a Harmon, Paul |d 1942- | |
| 245 | 1 | 0 | |a Understanding UML : |b the developer's guide : with a web-based application in Java / |c Paul Harmon, Mark Watson |
| 260 | |a San Francisco, Calif. : |b Morgan Kaufmann, |c c1998 | ||
| 300 | |a xv, 367 p.; |b ill.; |c 24 cm. | ||
| 504 | |a Includes bibliographical references and index | ||
| 650 | 0 | 0 | |a Object-oriented methods (Computer science) |
| 650 | 0 | 0 | |a Computer software |x Development. |
| 650 | 0 | 0 | |a UML (Computer science) |
| 650 | 0 | 0 | |a World Wide Web. |
| 700 | 1 | |a Watson, Mark |d 1951- | |
| 852 | |a INST |b SAMOS |e 19991216 |h 005.276 HAR |p 005300016507 |q 005300016507 |t BK |y 0 | ||
| 901 | |a BIBL3-1999-3 | ||
| 909 | |a Σ |b 069845 | ||
| 922 | |a 3ΕΛΗ |b 199911 |c ΤΠΕΣ |d ΠΑΠΑΣΩΤΗΡΙΟΥ | ||
| 950 | |a 133-1999-07-20 | ||
| 970 | |a ΠΟΥΡΝΑΡΑΣ |b ΔΗΜΗΤΡΗΣ |z 1999/12/16 | ||